000 00660nam a2200217 a 4500
001 000033153
003 DO-SdBNP
005 20250624133653.0
008 110818s1934 dr 000 0 spa d
040 _aDO-SdBNP
_bspa
_cBNPHU
082 4 _aRD863.4
_bD337i
100 1 _aDelanoy, Oscar
_957393
245 1 3 _aEl infierno de la vida :
_b(novela de actualidad) /
_cOscar Delanoy.
260 _aSanto Domingo :
_b[s.n.],
_c1934.
300 _a121 p. ;
_c22 cm.
590 _aInventariado, 2018/ YL
650 7 _aNovela adominicana
_2LEMB
_988175
650 7 _aLiteratura dominicana.
_967
_2LEMB
910 _aValidado. Control de calidad MFF
942 _2ddc
_cLF1
999 _c32644
_d32644